Sports Quiz

Random Sports or Basketball Quiz

IU Basketball Quiz Stats

 Plays Quiz not verified by Sporcle

Also try: Slam Dunk Champs
Challenge
Share
Tweet
Embed
Score 0/29 Timer 20:00
0 Plays Today
Hint Answer % Correct
What is the building where they play home games?Assembly Hall
86.5%
Worst Big Ten school?Purdue
84.3%
How many national championships has IU won?5
84.3%
School ColorsCream & Crimson
83.1%
What player do you miss the most from 2012-13 season?Victor Oladipo
82%
5th national championship year?1987
80.9%
Current head coachTom Crean
80.9%
Will IU win a national championship next year?Yes
80.9%
3rd national championship year?1976
78.7%
4th national championship year?1981
76.4%
Name one of the players from the 2013-14 team who has gotten arrestedHanner Mosquera-Perea
74.2%
Known as 'The Big Handsome'?Cody Zeller
73%
Hit game winning buzzer beater against UK during the 2011-2012 seasonChristian Watford
73%
What are people from Indiana/IU fans called?Hoosiers
70.8%
#4 - Played at IU 3 seasons (2010 - 2013) Victor Oladipo
68.5%
Hint Answer % Correct
2nd national championship year?1953
68.5%
Worst school in the country (not in Indiana)UK
67.4%
Who is you favorite current players? (returning from 2013-14 season)Stanford Robinson
64%
1st national championship year?1940
61.8%
'Practice' Open to the public, kicks off seasonHoosier Hysteria
59.6%
Won Big Ten freshman of the year in 2013-14 seasonNoah Vonleh
52.8%
Former player, now plays overseas in PollandJordan Hulls
51.7%
#11Yogi Ferrell
50.6%
Name one player who will be a sophomore as of 2014-15 seasonTroy Williams
50.6%
Name of Fight SongIndiana, Our Indiana
47.2%
Highest ranked incoming freshman for 2014-15 seasonJames Blackmon Jr.
46.1%
Player from South SudanPeter Jurkin
40.4%
What is the student section called?The Crimson Guard
38.2%
Name one player who is transferring to another school after the 2013-14 season?Austin Etherington
37.1%

You're not logged in!

Compare scores with friends on all Sporcle quizzes.
Join for Free
OR
Log In

You Might Also Like...

Show Comments

Extras

Top Quizzes Today


Score Distribution

Your Account Isn't Verified!

In order to create a playlist on Sporcle, you need to verify the email address you used during registration. Go to your Sporcle Settings to finish the process.

Report this User

Report this user for behavior that violates our Community Guidelines.

Details: